Комплексы радиационных дефектов в облученном ионами оксиде алюминия; ФВЗЧК-2004

Bibliografische gegevens
Parent link:ФВЗЧК-2004.— 2004.— [С. 117]
Hoofdauteur: Кабышев А. В. Александр Васильевич
Andere auteurs: Конусов Ф. В. Федор Валерьевич
Samenvatting:Заглавие с экрана
Taal:Russisch
Gepubliceerd in: 2004
Onderwerpen:
Online toegang:http://danp.sinp.msu.ru/abstracts2004.pdf#page=117
Formaat: Elektronisch Hoofdstuk
KOHA link:https://koha.lib.tpu.ru/cgi-bin/koha/opac-detail.pl?biblionumber=637455

MARC

LEADER 00000naa0a2200000 4500
001 637455
005 20250528103528.0
035 |a (RuTPU)RU\TPU\network\1595 
035 |a RU\TPU\network\1551 
090 |a 637455 
100 |a 20140916d2004 k||y0rusy50 ca 
101 0 |a rus 
102 |a RU 
135 |a drcn ---uucaa 
181 0 |a i  
182 0 |a b 
200 1 |a Комплексы радиационных дефектов в облученном ионами оксиде алюминия  |f А. В. Кабышев, Ф. В. Конусов 
203 |a Текст  |c электронный 
300 |a Заглавие с экрана 
463 |t ФВЗЧК-2004  |o тезисы докладов ХХXIV международной Тулиновской конференции по физике взаимодействия заряженных частиц с кристаллами, г. Москва, 31 мая - 2 июня 2004 г.  |f Московский государственный университет им. М. В. Ломоносова (МГУ) ; Московский государственный университет им. М. В. Ломоносова (МГУ), Научно-исследовательский институт ядерной физики им. Д. В. Скобельцына (НИИЯФ)  |v [С. 117]  |d 2004 
610 1 |a электронный ресурс 
610 1 |a труды учёных ТПУ 
610 1 |a оксид алюминия 
610 1 |a радиационные дефекты 
610 1 |a облучение ионами 
700 1 |a Кабышев  |b А. В.  |c специалист в области электроэнергетики  |c профессор Томского политехнического университета, доктор физико-математических наук  |f 1958-  |g Александр Васильевич  |3 (RuTPU)RU\TPU\pers\27068 
701 1 |a Конусов  |b Ф. В.  |c физик  |c ведущий инженер Томского политехнического университета, кандидат физико-математических наук  |f 1958-  |g Федор Валерьевич  |3 (RuTPU)RU\TPU\pers\30120  |9 14526 
801 2 |a RU  |b 63413507  |c 20140916  |g RCR 
850 |a 63413507 
856 4 |u http://danp.sinp.msu.ru/abstracts2004.pdf#page=117 
942 |c CF